| 000 | 00534nam a2200169 4500 | ||
|---|---|---|---|
| 001 | 144448 | ||
| 003 | ES-MaACL | ||
| 005 | 20230906201023.0 | ||
| 007 | t| | ||
| 008 | 070214s1982 sp r ||||1| spa d | ||
| 245 | 0 | 3 |
_aEl sistema inmunitario _b: (revisión) / _cF. M. Ubeira... [et al.]. |
| 260 |
_aSantiago de Compostela : _bUniversidad, _c1982 ( _fImp. Castro) |
||
| 300 |
_a83 p. ; _c24 cm. |
||
| 700 | 1 |
_aUbeira, F. M. _9111835 |
|
| 710 | 2 |
_aUniversidad de Santiago de Compostela. _97294 |
|
| 852 |
_aES-MaACL _jL-2439 _bR.103047 |
||
| 999 |
_c144448 _d144448 |
||